000 00783nam a2200205 i 4500
001 97101
003 ES-MaACL
005 20230906182034.0
007 t|
008 050706s1956 sp ||||1| spa d
245 0 0 _aManual Abella del Timbre del Estado /
_ccomentado, concordado y extensamente anotado por la Redacción de El Consultor de los Ayuntamientos.
250 _a18ª ed.
260 _aMadrid :
_bImp. Flo-Rez,
_c1956.
300 _a672 p. ;
_c19 cm.
505 8 _aContiene: una breve explicación histórica, el texto íntegro de la ley de 14 de abril de 1955, el Reglamento de 22 de junio de 1956
650 _aTimbre (Impuesto)-
_zEspaña.
_9161971
700 1 _aAbella y Fuertes, Joaquín,
_918056
852 _aES-MaACL
_jC-11597
_bR.39814
999 _c97101
_d97101